MARC details
| 000 -LEADER |
| fixed length control field |
02196cam a2200337 4500 |
| 001 - CONTROL NUMBER |
| control field |
ABS67683 |
| 008 - FIXED-LENGTH DATA ELEMENTS--GENERAL INFORMATION |
| fixed length control field |
040407n2004 000 0 eng u |
| 035 ## - SYSTEM CONTROL NUMBER |
| System control number |
(Sirsi) u125779 |
| 245 ## - TITLE STATEMENT |
| Title |
Bakewell Management Limited v Brandwood and others |
| 260 ## - PUBLICATION, DISTRIBUTION, ETC. |
| Date of publication, distribution, etc. |
2004 |
| 490 ## - SERIES STATEMENT |
| Series statement |
Weekly Law Reports |
| Volume/sequential designation |
[2004] 2 WLR 955-975(21) |
| 520 ## - SUMMARY, ETC. |
| Summary, etc. |
[2004] UKHL 14, 1 April 2004. HL overturned a previous CA decision ([2003] EWCA Civ 23, Abs66386), that Brandwood (B) and the other appellants were committing an offence in driving over common land owned by Bakewell Management (BM). CA had held that a prescriptive vehicular right could not be acquired as, under the Road Traffic Act 1988 and the Law of Property Act 1925 s193(4), it is illegal to drive a motor vehicle on land within 15 yards of a road without permission from the owner of the land. However, HL held that BM could have lawfully granted the necessary rights and assumed that consent had been given. The implication of this case is that where vehicular access has taken place for more than 20 years there is an established right of access under the prescription rules. This will affect homeowners, local authorities and private companies who own common land. It may also affect prescriptive rights which would otherwise have to be made under the Countryside and Rights of Way Act 2000 s68. View judgment at www.the-stationery-office.co.uk. |
| 590 ## - LOCAL NOTE (RLIN) |
| Local note |
ABS |
| 590 ## - LOCAL NOTE (RLIN) |
| Local note |
ABS |
| 590 ## - LOCAL NOTE (RLIN) |
| Local note |
ABS |
| 650 ## - SUBJECT ADDED ENTRY--TOPICAL TERM |
| Topical term or geographic name entry element |
BAKEWELL MANAGEMENT LTD V BRANDWOOD AND OTHERS |
| 650 ## - SUBJECT ADDED ENTRY--TOPICAL TERM |
| Topical term or geographic name entry element |
PRESCRIPTIVE RIGHTS |
| 650 ## - SUBJECT ADDED ENTRY--TOPICAL TERM |
| Topical term or geographic name entry element |
VEHICULAR ACCESS |
| 650 ## - SUBJECT ADDED ENTRY--TOPICAL TERM |
| Topical term or geographic name entry element |
LOST MODERN GRANT |
| 650 ## - SUBJECT ADDED ENTRY--TOPICAL TERM |
| Topical term or geographic name entry element |
COMMON LAND |
| 650 ## - SUBJECT ADDED ENTRY--TOPICAL TERM |
| Topical term or geographic name entry element |
ROAD TRAFFIC ACT 1988 |
| 650 ## - SUBJECT ADDED ENTRY--TOPICAL TERM |
| Topical term or geographic name entry element |
LAW OF PROPERTY ACT 1925 S193(4) |
| 650 ## - SUBJECT ADDED ENTRY--TOPICAL TERM |
| Topical term or geographic name entry element |
COUNTRYSIDE AND RIGHTS OF WAY ACT 2000 S68 |
| 650 ## - SUBJECT ADDED ENTRY--TOPICAL TERM |
| Topical term or geographic name entry element |
HANNING V TOP DECK TRAVEL GROUP LTD |
| 650 ## - SUBJECT ADDED ENTRY--TOPICAL TERM |
| Topical term or geographic name entry element |
R V OXFORDSHIRE CC AND ANOTHER EX P SUNNINGWELL PARISH COUNCIL |
| 690 ## - LOCAL SUBJECT ADDED ENTRY--TOPICAL TERM (OCLC, RLIN) |
| Topical term or geographic name as entry element |
BOUNDARIES, PARTY WALLS AND EASEMENTS-RIGHTS OF WAY-CASE LAW |
| 856 ## - ELECTRONIC LOCATION AND ACCESS |
| Uniform Resource Identifier |
<a href="View judgment on the UK Parliament website...">View judgment on the UK Parliament website...</a> |
| 856 ## - ELECTRONIC LOCATION AND ACCESS |
| Uniform Resource Identifier |
<a href="View judgment on the UK Parliament website...">View judgment on the UK Parliament website...</a> |
| 856 ## - ELECTRONIC LOCATION AND ACCESS |
| Uniform Resource Identifier |
<a href="View judgment on the UK Parliament website...">View judgment on the UK Parliament website...</a> |
| 942 ## - ADDED ENTRY ELEMENTS (KOHA) |
| Suppress in OPAC |
0 |